Lineamientos curriculares para la educación sexual integral: programa nacional de educación sexual integral: ley nacional nº 26150 /

Guardado en:
Autor Principal: Cimmino, Karina
Formato: Libro
Publicado: Buenos Aires : Ministerio de Educación de la Nación, 2014
Materias:
Esi
Etiquetas: Agregar Etiqueta
Sin Etiquetas, Sea el primero en etiquetar este registro!
LEADER 00743nam a22002055a 4500
001 CEM.cems014490
005 20181018165802.0
008 130507s2014##################000#0#####d
003 CEMS
020 |a 9789500006958 
082 0 4 |a 371.76 
100 1 |a Cimmino, Karina 
245 1 0 |a Lineamientos curriculares para la educación sexual integral: programa nacional de educación sexual integral: ley nacional nº 26150 /  |c Karina Cimino, Annie Mulcahy y María Virgina Vergara 
260 |a Buenos Aires :  |b Ministerio de Educación de la Nación,  |c 2014 
300 |a 54 p. 
653 |a Educación sexual 
653 |a Sexualidad 
653 |a Educación sexual integral 
653 |a Esi 
859 |a CEMS  |b BIB. CEMS - 11 de abril  |h 371.76  |i C537  |p 2813.44  |t Ej.1